000
00308nam a2200133Ia 4500
008
190216s9999||||xx |||||||||||||| ||und||
100
_a
Raymond T Bye
245
0
_a
Principles Of Economics
250
_a
5th Ed.
260
_b
Times Of India Press
_c
1964
300
_a
691
650
_a
Economics
942
_c
BK
999
_c
9109
_d
9109